000 00324pam a2200133 a 4500
020 _c
041 _h
082 _a628.162
100 _aSpeelaman.
245 _aHandbook of water and west water treatment plant operations
_hTextual Documents
260 _aLondon :
_bRC Press ,
_c2014.
300 _a873 pg.
930 _a9314
999 _c86219
_d86219